Les pilotes Force India/Racing Point en Formule 1 - Statistiques

Statistiques générales
  • Ce quiz a été pris 975 fois
    527 depuis la dernière actualisation
  • Le résultat moyen est 5 sur 8
Statistiques - réponses
Nb de Grands Prix Saisons Nationalité Pilote % Correct
135 2014-2020 Mexique Sergio Perez
99%
41 2017-2018 France Esteban Ocon
97%
37 2019-2020 Canada Lance Stroll
96%
80 2011-2012, 2014-2016, 2020 Allemagne Nico Hülkenberg
85%
92 2008-2011, 2013 Allemagne Adrian Sutil
46%
30 2008-2009 Italie Giancarlo Fisichella
42%
58 2011-2013 Royaume-Uni Paul di Resta
37%
24 2009-2010 Italie Vitantonio Liuzzi
35%
Aucun quiz correspondant
Distribution des résultats
% des personnes avec chaque résultat
Percentile par nombre de réponses
Votre historique - résultats
Vous n’avez pas pris ce quiz depuis la dernière actualisation